[Event "OLSW 2324 SG Speyer-Schwegenheim - SC Ca"]
[Site "?"]
[Date "2023.09.17"]
[Round "1.4"]
[White "Philippe, Christophe"]
[Black "Backens, Johannes"]
[Result "1/2-1/2"]
[WhiteElo "2322"]
[BlackElo "1912"]
[PlyCount "111"]
[EventDate "2023.??.??"]

1. d4 Nf6 2. Nf3 e6 3. g3 b5 4. a4 b4 5. Bg2 Bb7 6. O-O c5 7. b3 cxd4 8. Bb2 Nc6 9. Nxd4 Qc7 10. Nb5 Qb8 11. Nd2 a6 12. Nd4 Nxd4 13. Bxd4 Bxg2 14. Kxg2 d5 15. Bxf6 gxf6 16. e4 dxe4 17. Nxe4 Be7 18. Qf3 f5 19. Nd2 O-O 20. Nc4 Qc7 21. Rad1 Rad8 22. h4 Rc8 23. Rd3 Rfd8 24. Rfd1 Rxd3 25. Rxd3 Kg7 26. h5 Rd8 27. a5 Rxd3 28. Qxd3 Qd8 29. Qf3 Bc5 30. Ne5 Qd2 31. g4 Qxc2 32. g5 Qe4 33. h6+ Kg8 34. Qxe4 fxe4 35. Nd7 Be7 36. Nf6+ Bxf6 37. gxf6 Kf8 38. Kg3 Ke8 39. Kf4 Kd7 40. Kxe4 Kc6 41. Ke5 Kc5 42. f3 Kc6 43. Kd4 Kb5 44. f4 Kxa5 45. Ke5 Kb6 46. Kd6 a5 47. Ke7 a4 48. Kxf7 axb3 49. Kg8 b2 50. f7 b1=Q 51. f8=Q b3 52. Qd6+ Ka5 53. Qc5+ Ka4 54. Qc6+ Ka5 55. Qc5+ Ka4 56. Qc6+ 1/2-1/2

[Event "OLSW 2324 SG Speyer-Schwegenheim - SC Ca"]
[Site "?"]
[Date "2023.09.17"]
[Round "1.5"]
[White "Buermann, Jan"]
[Black "Kraemer, Enrico"]
[Result "1/2-1/2"]
[WhiteElo "2089"]
[BlackElo "2212"]
[PlyCount "145"]
[EventDate "2023.??.??"]

1. d4 Nf6 2. c4 e6 3. Nf3 d5 4. Nc3 dxc4 5. e3 a6 6. a4 b6 7. Bxc4 Bb7 8. O-O c5 9. Qe2 Nbd7 10. Rd1 Be7 11. e4 cxd4 12. Nxd4 Qc7 13. Bxe6 fxe6 14. Nxe6 Qe5 15. Nxg7+ Kf8 16. Nf5 Bc5 17. Bh6+ Kf7 18. Bg7 Rhd8 19. Qc4+ Ke8 20. b4 Bxf2+ 21. Kxf2 Rac8 22. Qd4 Nxe4+ 23. Nxe4 Qxf5+ 24. Kg1 Bxe4 25. Re1 Nc5 26. Qf6 Qxf6 27. Bxf6 Rd6 28. bxc5 Rxf6 29. Rxe4+ Kf7 30. cxb6 Rxb6 31. Rf1+ Kg8 32. Rg4+ Rg6 33. Rxg6+ hxg6 34. Rf4 Rc2 35. h3 Ra2 36. Kh2 Ra3 37. Rg4 Kh7 38. Kg1 Ra2 39. Kf1 Kg7 40. Kg1 Kf7 41. h4 Kf6 42. Kh2 Ra3 43. g3 Ra2+ 44. Kh3 Rc2 45. Rb4 Rc6 46. a5 Kg7 47. Rb6 Rc4 48. Rxa6 Ra4 49. Ra8 Kh7 50. Kg2 Ra3 51. Kf2 Kg7 52. a6 Kh7 53. Kg2 Kg7 54. Kh3 Ra4 55. g4 Ra3+ 56. Kg2 Kh7 57. Kf2 Kg7 58. h5 gxh5 59. gxh5 Ra5 60. Ke3 Re5+ 61. Kd4 Re6 62. Kc5 Rf6 63. h6+ Kh7 64. Kb5 Rf5+ 65. Kc6 Rf6+ 66. Kd7 Rb6 67. Kc7 Rf6 68. a7 Rf7+ 69. Kd6 Rf6+ 70. Kc7 Rf7+ 71. Kb6 Rf6+ 72. Kb5 Rf5+ 73. Kc6 1/2-1/2

[Event "OLSW 2324 SG Speyer-Schwegenheim - SC Ca"]
[Site "?"]
[Date "2023.09.17"]
[Round "1.6"]
[White "Flierl, Pascal"]
[Black "Busemann, Stephan"]
[Result "0-1"]
[WhiteElo "2184"]
[BlackElo "2095"]
[PlyCount "122"]
[EventDate "2023.??.??"]

1. e4 e5 2. Nf3 Nc6 3. Bc4 Bc5 4. d3 Nf6 5. O-O d6 6. c3 O-O 7. b4 Bb6 8. a4 a6 9. a5 Ba7 10. Nbd2 h6 11. Re1 Re8 12. Nf1 Be6 13. Bxe6 Rxe6 14. Qb3 d5 15. b5 axb5 16. Qxb5 dxe4 17. dxe4 Bb6 18. Bxh6 Rxa5 19. Rxa5 Bxa5 20. Bd2 b6 21. Ng3 Qd7 22. Qe2 Rd6 23. Nf5 Rd3 24. Rc1 g6 25. Ng3 Rd6 26. h3 Qe6 27. Qb5 Kg7 28. Bg5 Nd7 29. Be3 Ne7 30. c4 Nc6 31. Kh2 Bb4 32. Qa4 Bc5 33. Qa8 Bxe3 34. fxe3 Na5 35. c5 Rc6 36. Rf1 Qe7 37. cxb6 cxb6 38. Qa7 Nc4 39. Rc1 Qd6 40. Qa4 Qc5 41. Rc3 b5 42. Qb3 Ra6 43. Qd1 Rd6 44. Qb3 Ndb6 45. Nf1 Na4 46. Rc2 Nab6 47. Ne1 Qc6 48. Ng3 Qd7 49. Rf2 Rd2 50. Rxd2 Qxd2 51. Nf3 Qd7 52. Ne1 f6 53. Nd3 Qc6 54. Nb4 Qd6 55. Nc2 Qc5 56. Nf1 Na4 57. Qd3 Qd6 58. Qb3 Qd1 59. Qxb5 Qxc2 60. Qd7+ Kh6 61. Qe8 Kh5 {time} 0-1

[Event "OLSW 2324 SG Speyer-Schwegenheim - SC Ca"]
[Site "?"]
[Date "2023.09.17"]
[Round "1.7"]
[White "Becker, Joerg"]
[Black "Hauck, Heiko"]
[Result "1-0"]
[WhiteElo "2090"]
[BlackElo "2110"]
[PlyCount "121"]
[EventDate "2023.??.??"]

1. Nf3 d5 2. g3 Nc6 3. d4 Bf5 4. Bg2 Qd7 5. c4 e6 6. O-O f6 7. Nc3 O-O-O 8. Qa4 g5 9. Nd2 Nge7 10. e4 dxe4 11. Ndxe4 Bxe4 12. Nxe4 Qxd4 13. Be3 Qe5 14. b4 Kb8 15. b5 Nd4 16. Rad1 Nef5 17. f4 Qxe4 18. Bxe4 Nxe3 19. fxg5 f5 20. Bd3 Be7 21. Kf2 Bxg5 22. Rfe1 Ng4+ 23. Kg2 e5 24. c5 f4 25. Be4 Rhf8 26. Rd3 f3+ 27. Bxf3 Nxf3 28. Rxf3 Rd2+ 29. Kh3 Nf2+ 30. Rxf2 Rfxf2 31. Rxe5 h5 32. Re8+ Bd8 33. Rxd8+ Rxd8 34. Qe4 b6 35. c6 a6 36. a4 Rdd2 37. Qe8+ Ka7 38. Kh4 Rd4+ 39. Kh3 Rdd2 40. Kh4 Rxh2+ 41. Kg5 Rd5+ 42. Kg6 axb5 43. axb5 Rc2 44. Qc8 Rd6+ 45. Kxh5 Rc5+ 46. Kg4 Rcxc6 47. bxc6 Rxc6 48. Kf4 b5 49. g4 b4 50. Qd7 Rc4+ 51. Ke3 Kb6 52. g5 b3 53. Qd3 Rb4 54. g6 Ka5 55. g7 Rb8 56. g8=Q Rxg8 57. Qd5+ Kb4 58. Qxg8 Kc3 59. Qg7+ Kc2 60. Qxc7+ Kd1 61. Qc3 1-0

[Event "OLSW 2324 SG Speyer-Schwegenheim - SC Ca"]
[Site "?"]
[Date "2023.09.17"]
[Round "1.8"]
[White "Kunz, Thorsten"]
[Black "Fiedler, Robert"]
[Result "1-0"]
[WhiteElo "1886"]
[BlackElo "1949"]
[PlyCount "69"]
[EventDate "2023.??.??"]

1. d4 c5 2. d5 d6 3. c4 g6 4. Nc3 Bg7 5. Qc2 Nf6 6. e4 O-O 7. Be2 Na6 8. Bd2 Nc7 9. Nf3 Bd7 10. h3 a6 11. Rb1 b5 12. cxb5 Nxb5 13. O-O Nd4 14. Qd1 Nxe2+ 15. Qxe2 Bc8 16. Rfe1 Nd7 17. Qd3 a5 18. Qc2 Ne5 19. Nxe5 Bxe5 20. Qc1 Ba6 21. Bh6 Bg7 22. Bxg7 Kxg7 23. Qe3 e5 24. dxe6 fxe6 25. Red1 Qe7 26. Rd2 Rab8 27. Rbd1 Rfd8 28. Qg3 e5 29. Nd5 Qf7 30. Qc3 Bb7 31. f3 Bxd5 32. Rxd5 Qc7 33. Rxd6 Rxd6 34. Qxe5+ Kg8 35. Rxd6 1-0

[Event "OLSW 2324 Turm Illingen - SVG Saarbrück"]
[Site "?"]
[Date "2023.10.15"]
[Round "2.1"]
[White "Bastian, Herbert"]
[Black "Mayer, Frank"]
[Result "1/2-1/2"]
[WhiteElo "2246"]
[BlackElo "2265"]
[PlyCount "44"]
[EventDate "2023.??.??"]

1. e4 c5 2. Nc3 e6 3. g3 d5 4. d3 Nf6 5. Bg2 Nc6 6. Nge2 d4 7. Nb1 e5 8. O-O h5 9. Bg5 Be7 10. h3 Nh7 11. Bxe7 Qxe7 12. f4 h4 13. g4 g5 14. f5 Bd7 15. Nd2 O-O 16. Nf3 f6 17. a4 Rfc8 18. Rf2 Be8 19. Bf1 Bf7 20. c3 Rc7 21. Nc1 Rd8 22. c4 b6 1/2-1/2

[Event "OLSW 2324 Turm Illingen - SVG Saarbrück"]
[Site "?"]
[Date "2023.10.15"]
[Round "2.2"]
[White "Hoppstaedter, Daniel"]
[Black "Vogel, Christian"]
[Result "1-0"]
[WhiteElo "2124"]
[BlackElo "2166"]
[PlyCount "53"]
[EventDate "2023.??.??"]

1. d4 d5 2. c4 e5 3. dxe5 d4 4. Nf3 Nc6 5. a3 Nge7 6. b4 Ng6 7. Bb2 a5 8. b5 Ncxe5 9. Nxe5 Nxe5 10. Bxd4 Nxc4 11. e3 Nd6 12. Bd3 Qg5 13. O-O Nf5 14. f4 Qh6 15. Bxf5 Bxf5 16. Nc3 Rd8 17. Qf3 b6 18. Rad1 Bxa3 19. e4 Rxd4 20. exf5 Rxd1 21. Qe4+ Kf8 22. Rxd1 Bc5+ 23. Kh1 g5 24. Qe5 f6 25. Rd8+ Kf7 26. Qe6+ Kg7 27. Qd7+ 1-0

[Event "OLSW 2324 Turm Illingen - SVG Saarbrück"]
[Site "?"]
[Date "2023.10.15"]
[Round "2.3"]
[White "Jenner, Meikel"]
[Black "Feidt, Jonas"]
[Result "1-0"]
[WhiteElo "1947"]
[BlackElo "1956"]
[PlyCount "53"]
[EventDate "2023.??.??"]

1. f4 d5 2. Nf3 g6 3. e3 Bg7 4. d4 Nf6 5. Bd3 O-O 6. Nbd2 b6 7. O-O c5 8. c3 Bb7 9. Ne5 Nbd7 10. Qf3 e6 11. g4 a6 12. h4 Ne8 13. g5 Nd6 14. Qh3 Nf5 15. Rf2 Re8 16. Ndf3 Rc8 17. h5 Nxe5 18. fxe5 Rc7 19. Rh2 Bf8 20. Kf2 b5 21. Bd2 Bc6 22. Rah1 a5 23. Rg2 b4 24. Nh2 bxc3 25. bxc3 cxd4 26. cxd4 Ba4 27. Ng4 1-0

[Event "OLSW 2324 Turm Illingen - SVG Saarbrück"]
[Site "?"]
[Date "2023.10.15"]
[Round "2.4"]
[White "Klein, Joachim"]
[Black "Busche, Stefan"]
[Result "1/2-1/2"]
[WhiteElo "2197"]
[BlackElo "2013"]
[PlyCount "85"]
[EventDate "2023.??.??"]

1. d4 Nf6 2. Nf3 g6 3. Nc3 d5 4. Bf4 Bg7 5. Nb5 Na6 6. e3 c6 7. Nc3 Nb8 8. h3 O-O 9. Bd3 Nbd7 10. O-O Re8 11. Bh2 b6 12. a4 a5 13. Ne5 Nxe5 14. Bxe5 Ba6 15. Ne2 Nd7 16. Bxg7 Kxg7 17. Bxa6 Rxa6 18. Qd3 Ra8 19. c4 Nf6 20. Rfc1 Qd7 21. Nf4 g5 22. Ne2 e6 23. Ng3 h5 24. e4 dxe4 25. Nxe4 Nxe4 26. Qxe4 Rad8 27. Rd1 Qd6 28. Ra3 f5 29. Qe2 Kg6 30. Re3 e5 31. h4 g4 32. d5 e4 33. Rb3 c5 34. Re1 Qf6 35. g3 Rd6 36. Qc2 Re7 37. Kg2 Kg7 38. Qd2 Qh6 39. Qc3+ Qf6 40. Qe3 Qh6 41. Rb5 Qxe3 42. Rxe3 Ra7 43. Kf1 1/2-1/2

[Event "OLSW 2324 Turm Illingen - SVG Saarbrück"]
[Site "?"]
[Date "2023.10.15"]
[Round "2.5"]
[White "Horacek, Helmut"]
[Black "Biehler, Thomas"]
[Result "0-1"]
[WhiteElo "1948"]
[BlackElo "2237"]
[PlyCount "92"]
[EventDate "2023.??.??"]

1. e4 c5 2. Nf3 Nc6 3. d4 cxd4 4. Nxd4 e5 5. Nb5 d6 6. c4 g6 7. Bd3 a6 8. N5c3 Nf6 9. O-O Bg7 10. Bg5 h6 11. Bh4 g5 12. Bg3 O-O 13. Na3 Be6 14. Nc2 Rc8 15. Ne3 Nd4 16. Rc1 b5 17. Ncd5 bxc4 18. Nxf6+ Bxf6 19. Bxc4 Bxc4 20. Rxc4 Rxc4 21. Nxc4 d5 22. exd5 Qxd5 23. b3 Bg7 24. Re1 e4 25. Qh5 f5 26. Bc7 Qf7 27. Qxf7+ Rxf7 28. Be5 Rd7 29. Bxg7 Kxg7 30. Kf1 Nc2 31. Rb1 Kf6 32. Ke2 Nd4+ 33. Ke1 f4 34. Rb2 Nf5 35. Re2 Rd4 36. Rd2 Rxd2 37. Kxd2 Nh4 38. g3 Nf3+ 39. Kc3 Nxh2 40. Kd4 e3 41. Nxe3 fxe3 42. Kxe3 Ng4+ 43. Ke2 Ke5 44. f3 Nf6 45. Ke3 Nd5+ 46. Kd2 h5 0-1

[Event "OLSW 2324 Turm Illingen - SVG Saarbrück"]
[Site "?"]
[Date "2023.10.15"]
[Round "2.6"]
[White "Giese, Tilman"]
[Black "Braun, Burkhard"]
[Result "1-0"]
[WhiteElo "1994"]
[BlackElo "1876"]
[PlyCount "79"]
[EventDate "2023.??.??"]

1. Nf3 e6 2. g3 Nc6 3. Bg2 Nf6 4. O-O d5 5. d3 Be7 6. Nbd2 O-O 7. e4 b6 8. e5 Nd7 9. Re1 Bb7 10. Nf1 a5 11. h4 Qe8 12. d4 Nd8 13. Bf4 b5 14. Qd3 b4 15. Ng5 Bxg5 16. hxg5 Ba6 17. Qd2 Nb6 18. b3 Nc8 19. Ne3 Ne7 20. Bf3 Ng6 21. Kg2 Nxf4+ 22. gxf4 f6 23. exf6 gxf6 24. Nxd5 fxg5 25. Nxc7 Qg6 26. Re5 gxf4+ 27. Kh2 Qf6 28. Rg1+ Kh8 29. Rh5 Ra7 30. Nxa6 Rxa6 31. Be4 Ra7 32. Rg6 Qe7 33. Rgh6 Qd6 34. Rxh7+ Rxh7 35. Rxh7+ Kg8 36. f3 Rf7 37. Qg2+ Kf8 38. Rh8+ Ke7 39. Qg5+ Kd7 40. Rxd8+ 1-0

[Event "OLSW 2324 Turm Illingen - SVG Saarbrück"]
[Site "?"]
[Date "2023.10.15"]
[Round "2.8"]
[White "Windmueller, Simon"]
[Black "Spektorov, Leonid"]
[Result "1-0"]
[WhiteElo "1970"]
[BlackElo "1836"]
[PlyCount "61"]
[EventDate "2023.??.??"]

1. Nf3 d5 2. e3 c5 3. b3 Nf6 4. Bb2 Nc6 5. Bb5 Bd7 6. O-O a6 7. Bxc6 Bxc6 8. d3 e6 9. Ne5 Bd6 10. Nxc6 bxc6 11. Nd2 O-O 12. e4 d4 13. f4 Nd7 14. Qf3 e5 15. f5 Be7 16. Nc4 Bg5 17. Bc1 Bxc1 18. Raxc1 f6 19. Qg4 Nb6 20. Nb2 Nd7 21. a4 Nb6 22. Rf3 Ra7 23. Rh3 Qe8 24. Rf1 g5 25. fxg6 hxg6 26. Qh4 Rg7 27. Qh8+ Kf7 28. Rxf6+ Kxf6 29. Rf3+ Ke6 30. Rxf8 Qe7 31. Re8 1-0

[Event "OLSW 2324 SK Frankenthal - SF Heidesheim"]
[Site "?"]
[Date "2023.10.15"]
[Round "2.1"]
[White "Perske, Thore"]
[Black "Syrov, Arkadi"]
[Result "1/2-1/2"]
[WhiteElo "2451"]
[BlackElo "2213"]
[PlyCount "104"]
[EventDate "2023.??.??"]

1. e4 e5 2. Nf3 Nc6 3. Bb5 a6 4. Ba4 Nf6 5. O-O Be7 6. d3 b5 7. Bb3 d6 8. a3 O-O 9. Nc3 Na5 10. Ba2 Be6 11. b4 Bxa2 12. Rxa2 Nc6 13. Bg5 h6 14. Bxf6 Bxf6 15. Nd5 Nd4 16. Nxd4 exd4 17. a4 c6 18. Nf4 d5 19. axb5 Qd6 20. Nh5 axb5 21. Rxa8 Rxa8 22. Nxf6+ Qxf6 23. exd5 cxd5 24. Qg4 Qc6 25. Qxd4 Ra2 26. g3 Rxc2 27. Re1 Rc1 28. Rxc1 Qxc1+ 29. Kg2 Qd2 30. Kf3 g6 31. h4 Qe1 32. Kf4 Kh7 33. Kf3 Kg8 34. Kf4 Kh7 35. g4 Kg8 36. h5 g5+ 37. Kg3 Qg1+ 38. Kf3 Qd1+ 39. Kg3 Qg1+ 40. Kf3 Qd1+ 41. Kg2 Qe2 42. Kg3 Qd2 43. Kh3 Qe1 44. Kh2 Qd2 45. Kg3 Qe1 46. Qb2 Qd1 47. Qd4 Qe1 48. Kh2 Qd2 49. Kg2 Qe2 50. Kg3 Qd2 51. Kf3 Qd1+ 52. Kg2 Qe2 1/2-1/2

[Event "OLSW 2324 SK Frankenthal - SF Heidesheim"]
[Site "?"]
[Date "2023.10.15"]
[Round "2.2"]
[White "Tresch, Lukas"]
[Black "Carow, Johannes"]
[Result "0-1"]
[WhiteElo "2051"]
[BlackElo "2448"]
[PlyCount "102"]
[EventDate "2023.??.??"]

1. e4 c5 2. c3 Nf6 3. e5 Nd5 4. d4 cxd4 5. Nf3 e6 6. cxd4 d6 7. Bc4 Nc6 8. O-O Be7 9. Re1 O-O 10. a3 Qb6 11. Qd3 Rd8 12. Ng5 Bxg5 13. Bxg5 Nde7 14. Qc3 h6 15. Bxe7 Nxe7 16. Nd2 Bd7 17. Nf3 Bc6 18. Red1 Rac8 19. Qb3 Qxb3 20. Bxb3 Bxf3 21. gxf3 dxe5 22. dxe5 Ng6 23. Rxd8+ Rxd8 24. Rc1 Nxe5 25. Rc7 Rd7 26. Rxd7 Nxd7 27. Kf1 Kf8 28. Ke2 Ke7 29. f4 g6 30. Ke3 Kd6 31. Kd4 Nf6 32. Bd1 b6 33. Bf3 a5 34. Bd1 Nd5 35. Ke4 f5+ 36. Kf3 Kc5 37. Be2 Kd4 38. Bb5 Nc7 39. Bf1 Ne8 40. Bb5 Nc7 41. Bf1 b5 42. h4 Kc5 43. Be2 Nd5 44. Bd3 Nb6 45. b3 b4 46. axb4+ Kxb4 47. Bc2 Kc3 48. Bd1 Nd7 49. Ke3 Nc5 50. h5 gxh5 51. Bxh5 Nxb3 0-1

[Event "OLSW 2324 SK Frankenthal - SF Heidesheim"]
[Site "?"]
[Date "2023.10.15"]
[Round "2.3"]
[White "Wilhelm, Till"]
[Black "Huseynov, Ahad"]
[Result "1-0"]
[WhiteElo "2404"]
[BlackElo "2081"]
[PlyCount "111"]
[EventDate "2023.??.??"]

1. d4 Nf6 2. c4 e6 3. Nf3 b6 4. e3 Bb7 5. Be2 Be7 6. O-O O-O 7. b3 c5 8. Bb2 d5 9. Nbd2 Nc6 10. Rc1 Rc8 11. Bd3 Re8 12. Bb1 Bf8 13. Qe2 g6 14. Rfd1 Qe7 15. dxc5 bxc5 16. Ne5 Nxe5 17. Bxe5 Bg7 18. Nf3 Red8 19. Bd3 Nd7 20. Bxg7 Kxg7 21. cxd5 exd5 22. Ba6 Bxa6 23. Qxa6 Nf6 24. h3 Rc7 25. Rc2 Ne4 26. Qa5 Rcd7 27. Nd2 d4 28. Nxe4 Qxe4 29. Rcd2 dxe3 30. Qc3+ Kh6 31. Rxd7 Rxd7 32. Rxd7 exf2+ 33. Kxf2 Qf5+ 34. Ke3 Qxd7 35. Qxc5 Qe6+ 36. Kf4 Qf6+ 37. Kg3 Qg5+ 38. Qxg5+ Kxg5 39. b4 Kf5 40. Kf3 Ke5 41. Ke3 f5 42. h4 h6 43. b5 Kd5 44. Kf4 Kd4 45. h5 gxh5 46. Kxf5 Kc5 47. Kg6 Kxb5 48. Kxh5 Ka4 49. Kxh6 Ka3 50. g4 Kxa2 51. g5 a5 52. g6 a4 53. g7 a3 54. g8=Q+ Ka1 55. Qc4 a2 56. Qc1# 1-0

[Event "OLSW 2324 SK Frankenthal - SF Heidesheim"]
[Site "?"]
[Date "2023.10.15"]
[Round "2.4"]
[White "Syska, Albert"]
[Black "Hinrichs, Paul"]
[Result "1/2-1/2"]
[WhiteElo "2158"]
[BlackElo "2241"]
[PlyCount "138"]
[EventDate "2023.??.??"]

1. e4 e5 2. Nf3 Nc6 3. Bb5 a6 4. Ba4 Nf6 5. O-O Be7 6. Re1 b5 7. Bb3 d6 8. c3 O-O 9. a3 Re8 10. Ng5 Rf8 11. Nf3 h6 12. h3 Bb7 13. d4 Re8 14. Nbd2 Bf8 15. Bc2 Nb8 16. b4 Nbd7 17. Bb2 g6 18. d5 Nb6 19. c4 bxc4 20. Ba4 Nfd7 21. Rc1 Nxa4 22. Qxa4 Nb6 23. Qc2 c6 24. dxc6 Bxc6 25. Nxc4 Nxc4 26. Qxc4 Bd7 27. Qd3 Be6 28. Nd2 Qg5 29. Re3 h5 30. Rg3 Qe7 31. f4 h4 32. Rf3 exf4 33. Rxf4 Bh6 34. Bf6 Qa7+ 35. Bd4 Qe7 36. Rf3 f5 37. Rcf1 Rf8 38. Nc4 d5 39. exd5 Bxd5 40. Bc5 Qe6 41. Bxf8 Rxf8 42. Nd2 Re8 43. R1f2 Be4 44. Qc3 Bxf3 45. Rxf3 Rd8 46. Qc4 Kf7 47. Qxe6+ Kxe6 48. Nb3 Rd1+ 49. Kf2 Bg7 50. Rf4 g5 51. Rc4 Be5 52. Rc6+ Kf7 53. Ke2 Rg1 54. Kf2 Rb1 55. Nc5 Rb2+ 56. Kf1 Rb1+ 57. Ke2 Rb2+ 58. Kf1 Bd4 59. Ne6 Be3 60. Rc3 f4 61. Nxg5+ Kf6 62. Nf3 Rf2+ 63. Ke1 Rxg2 64. Rc6+ Kf7 65. Nxh4 Ra2 66. Nf5 Rxa3 67. Nxe3 Rxe3+ 68. Kf2 Rxh3 69. Rxa6 Rb3 1/2-1/2

[Event "OLSW 2324 SK Frankenthal - SF Heidesheim"]
[Site "?"]
[Date "2023.10.15"]
[Round "2.5"]
[White "Foerster, Erik"]
[Black "Geyer, Bernhard"]
[Result "1-0"]
[WhiteElo "2140"]
[BlackElo "2144"]
[PlyCount "79"]
[EventDate "2023.??.??"]

1. Nf3 d5 2. g3 g6 3. Bg2 Bg7 4. d4 Nf6 5. O-O c6 6. c4 e6 7. Nbd2 O-O 8. Qc2 b6 9. e4 Bb7 10. e5 Nfd7 11. cxd5 cxd5 12. Re1 Nc6 13. Nf1 b5 14. h4 Rc8 15. Qd1 a5 16. h5 Ba6 17. hxg6 fxg6 18. Ng5 Qe8 19. Qg4 Nd8 20. Ne3 Nb6 21. Bf1 Nc4 22. Bd3 h5 23. Qe2 Bh6 24. Ng2 Rc7 25. Nh4 Rg7 26. Nxe6 Nxe6 27. Bxh6 Nxd4 28. Qf1 Nd2 29. Qg2 N2f3+ 30. Kh1 Nxh4 31. gxh4 Nf5 32. Bxf5 Rxf5 33. Bxg7 Kxg7 34. Rac1 Qe7 35. Qg3 d4 36. Rc6 g5 37. Kg1 Bb7 38. Rf6 Rxf6 39. exf6+ Qxf6 40. Qc7+ 1-0

[Event "OLSW 2324 SK Frankenthal - SF Heidesheim"]
[Site "?"]
[Date "2023.10.15"]
[Round "2.6"]
[White "Halabi, Ibrahim"]
[Black "Perske, Paul"]
[Result "1-0"]
[WhiteElo "1967"]
[BlackElo "2081"]
[PlyCount "71"]
[EventDate "2023.??.??"]

1. e4 e5 2. Nf3 Nc6 3. Bc4 Bc5 4. c3 Nf6 5. d3 a6 6. O-O Ba7 7. Nbd2 O-O 8. h3 d6 9. Bb3 h6 10. Re1 Nh5 11. Nf1 Qf6 12. Be3 Nf4 13. d4 Ne7 14. Ng3 Neg6 15. Bc2 Be6 16. Nf5 Rfe8 17. g3 Nxh3+ 18. Kg2 Ng5 19. Nxg5 hxg5 20. Qh5 Nf4+ 21. Bxf4 Bxf5 22. Bxg5 Qg6 23. Qh4 Be6 24. Rh1 f6 25. Be3 Bg4 26. Bb3+ Kf8 27. Qh8+ Ke7 28. Qh7 Qxh7 29. Rxh7 exd4 30. cxd4 Kd8 31. Rxg7 Bd7 32. Rh1 Rxe4 33. Rhh7 Be8 34. Bd5 Bc6 35. Bxc6 bxc6 36. Rg8+ 1-0

[Event "OLSW 2324 SK Frankenthal - SF Heidesheim"]
[Site "?"]
[Date "2023.10.15"]
[Round "2.7"]
[White "Enzmann, Steffen"]
[Black "Muths, Lukas"]
[Result "0-1"]
[WhiteElo "2161"]
[BlackElo "1888"]
[PlyCount "66"]
[EventDate "2023.??.??"]

1. c4 Nf6 2. Nc3 b6 3. d4 Bb7 4. d5 e6 5. e4 Bb4 6. Bd3 Bxc3+ 7. bxc3 d6 8. f4 Nbd7 9. Nf3 Qe7 10. O-O O-O-O 11. Nd4 e5 12. Nf5 Qf8 13. a4 a5 14. Ba3 exf4 15. Rxf4 Ne5 16. Be2 Re8 17. Rb1 Nfd7 18. c5 Nxc5 19. Bxc5 dxc5 20. d6 Rd8 21. Bg4 g6 22. Nd4+ Nxg4 23. Qxg4+ f5 24. exf5 h5 25. Qxg6 cxd4 26. Qe6+ Rd7 27. Rxd4 Qg8 28. Qe2 Bxg2 29. Kf2 Bb7 30. Rg1 Qf7 31. Rg5 Re8 32. Qxh5 Qa2+ 33. Kf1 Ba6+ 0-1

[Event "OLSW 2324 SK Frankenthal - SF Heidesheim"]
[Site "?"]
[Date "2023.10.15"]
[Round "2.8"]
[White "Kargoll, Peter"]
[Black "Lantzsch, Christian"]
[Result "1/2-1/2"]
[WhiteElo "2121"]
[BlackElo "2165"]
[PlyCount "108"]
[EventDate "2023.??.??"]

1. d4 d5 2. c3 Nf6 3. Bf4 Bf5 4. e3 e6 5. Qb3 Qc8 6. Nf3 Bd6 7. Bxd6 cxd6 8. Nbd2 O-O 9. c4 dxc4 10. Nxc4 Qc7 11. Bd3 Bxd3 12. Qxd3 Rc8 13. Na3 e5 14. Nd2 exd4 15. Qxd4 Nc6 16. Qa4 a6 17. O-O b5 18. Qd1 Ne5 19. Nb3 b4 20. Rc1 Qe7 21. Rxc8+ Rxc8 22. Nc2 d5 23. Ncd4 Nc4 24. Qe2 Ne4 25. Qg4 Qd8 26. Rc1 g6 27. Rc2 h5 28. Qe2 h4 29. h3 Qf6 30. Nc1 Ne5 31. Nd3 Kg7 32. Nxe5 Qxe5 33. Nf3 Qf6 34. Qd3 Rd8 35. Qd4 Qxd4 36. Nxd4 a5 37. Rc7 Kf6 38. Kf1 Ra8 39. Rd7 a4 40. Rb7 a3 41. Rxb4 axb2 42. Rxb2 Nc3 43. Ke1 Rxa2 44. Rxa2 Nxa2 45. Kd2 Nb4 46. Kc3 Na6 47. f4 Nc5 48. Nf3 Kf5 49. Nxh4+ Ke4 50. Kd2 d4 51. exd4 Nb3+ 52. Ke2 Nxd4+ 53. Kf2 Kxf4 54. g3+ Ke4 1/2-1/2

[Event "OLSW 2324 SV Worms 1878 - SC Caissa Schw"]
[Site "?"]
[Date "2023.10.15"]
[Round "2.1"]
[White "Chassard, Cedric"]
[Black "Karsay, Pascal"]
[Result "1/2-1/2"]
[WhiteElo "2326"]
[BlackElo "2301"]
[PlyCount "187"]
[EventDate "2023.??.??"]

1. e4 e5 2. Nf3 Nc6 3. Bb5 a6 4. Ba4 Nf6 5. O-O b5 6. Bb3 Bc5 7. c3 d6 8. a4 Bb7 9. d4 Bb6 10. Bg5 h6 11. Bxf6 Qxf6 12. Bd5 O-O 13. Na3 exd4 14. cxd4 Rfb8 15. Nc2 bxa4 16. Rxa4 a5 17. Qd2 Ne7 18. Bxb7 Rxb7 19. Ne3 Qe6 20. d5 Qd7 21. Rfa1 Bxe3 22. fxe3 Rab8 23. Rxa5 Rxb2 24. Ra8 Qb5 25. Rxb8+ Qxb8 26. Qc3 Qb5 27. Re1 Qb6 28. Nd4 Ng6 29. Rc1 Rb1 30. h3 Ne5 31. Kh2 Rxc1 32. Qxc1 g6 33. Qc2 h5 34. Qa4 Qb8 35. Qb5 Qd8 36. Nc6 Nxc6 37. dxc6 Qe7 38. Qb8+ Kg7 39. Qc8 h4 40. Kh1 Kf6 41. Qg4 Qe8 42. Qxh4+ Kg7 43. e5 dxe5 44. Qc4 Qd8 45. Qc5 Kf6 46. Qb4 Qd5 47. Qh4+ Ke6 48. Qg4+ Ke7 49. Qh4+ Kd6 50. Qd8+ Kxc6 51. Qe8+ Kb7 52. e4 Qxe4 53. Qb5+ Ka7 54. Qa5+ Kb8 55. Qb5+ Qb7 56. Qe8+ Ka7 57. Qxe5 Qb1+ 58. Kh2 Qb6 59. Qe8 f5 60. Kg3 Qd6+ 61. Kf3 c5 62. Qb5 Qb6 63. Qc4 Qc6+ 64. Kf4 Kb6 65. Qb3+ Qb5 66. Qe6+ Ka5 67. Qxg6 Qb4+ 68. Ke3 Qc3+ 69. Ke2 Qc2+ 70. Ke1 c4 71. g4 Qc1+ 72. Ke2 f4 73. Qf5+ Kb4 74. Qf8+ Kb3 75. Qb8+ Kc2 76. Qe5 Qe3+ 77. Qxe3 fxe3 78. g5 c3 79. g6 Kb2 80. g7 c2 81. g8=Q c1=Q 82. Qb8+ Ka1 83. Qa7+ Kb2 84. Qb6+ Ka2 85. Qxe3 Qh1 86. Qd2+ Kb3 87. Qd3+ Kb4 88. Qd4+ Kb5 89. h4 Kc6 90. Qf6+ Kd7 91. Qf7+ Kd6 92. h5 Qg2+ 93. Ke3 Qg3+ 94. Qf3 1/2-1/2

[Event "OLSW 2324 SV Worms 1878 - SC Caissa Schw"]
[Site "?"]
[Date "2023.10.15"]
[Round "2.2"]
[White "Ollenberger, Roland"]
[Black "Jeschke, Jan"]
[Result "1-0"]
[WhiteElo "2273"]
[BlackElo "2154"]
[PlyCount "75"]
[EventDate "2023.??.??"]

1. c4 Nf6 2. Nc3 g6 3. e4 d6 4. g3 Bg7 5. Bg2 O-O 6. d3 c5 7. Nge2 Nc6 8. O-O a6 9. h3 Rb8 10. a4 Ne8 11. Kh2 Nc7 12. Be3 b5 13. cxb5 axb5 14. d4 b4 15. Nd5 Ne6 16. dxc5 dxc5 17. Qd2 Na5 18. Rad1 Bd7 19. Qc2 Qe8 20. Ra1 Nd4 21. Nxd4 cxd4 22. Bg5 f6 23. Bd2 Nc6 24. a5 Qf7 25. Qc5 Rfd8 26. a6 e6 27. a7 Rbc8 28. Nb6 Bf8 29. Qc4 Nxa7 30. Nxc8 Rxc8 31. Qb3 Nc6 32. Rfc1 h5 33. Bf1 Bd6 34. Ra6 Qe7 35. Bb5 Ne5 36. Bxd7 Qxd7 37. Rxd6 Rc3 38. Rxd7 1-0

[Event "OLSW 2324 SV Worms 1878 - SC Caissa Schw"]
[Site "?"]
[Date "2023.10.15"]
[Round "2.3"]
[White "Gress, Alexander"]
[Black "Feldmann, Johannes"]
[Result "0-1"]
[WhiteElo "2101"]
[BlackElo "2192"]
[PlyCount "50"]
[EventDate "2023.??.??"]

1. e4 c6 2. d4 d5 3. e5 c5 4. dxc5 e6 5. Nf3 Bxc5 6. Bd3 Ne7 7. O-O Ng6 8. a3 O-O 9. b4 Be7 10. Re1 a5 11. bxa5 Nc6 12. Bb2 Nxa5 13. Nbd2 Bd7 14. Nd4 Qc7 15. Qh5 Nc4 16. Bc1 f5 17. exf6 Bxf6 18. N2f3 Qc5 19. c3 e5 20. Bg5 exd4 21. Bxf6 Rxf6 22. Ng5 h6 23. Bxg6 Rxg6 24. Qxg6 hxg5 25. cxd4 Qxd4 0-1

[Event "OLSW 2324 SV Worms 1878 - SC Caissa Schw"]
[Site "?"]
[Date "2023.10.15"]
[Round "2.4"]
[White "Schluchter, Steffen"]
[Black "Scheuermann, Gerhard"]
[Result "1-0"]
[WhiteElo "2065"]
[BlackElo "2115"]
[PlyCount "121"]
[EventDate "2023.??.??"]

1. d4 Nf6 2. Nf3 g6 3. Bg5 Bg7 4. Nbd2 c5 5. e3 b6 6. Be2 O-O 7. O-O Bb7 8. c3 d6 9. a4 Qc7 10. a5 Nbd7 11. Qa4 Bc6 12. Bb5 Bxb5 13. Qxb5 Rfb8 14. Nc4 a6 15. axb6 Nxb6 16. Qa5 Qc6 17. Ncd2 c4 18. Rfe1 e6 19. e4 Ne8 20. Be3 d5 21. Bf4 Rb7 22. Bg3 Nd7 23. exd5 exd5 24. Ra2 Nef6 25. Ne5 Nxe5 26. Bxe5 Nd7 27. Bf4 Nf8 28. Nf3 Ne6 29. Bg3 Rb5 30. Qa4 Qb7 31. Re2 h6 32. h3 Kh7 33. Bd6 Bf8 34. Be5 Be7 35. h4 Ng7 36. Qc2 Rb6 37. Ra5 Rb5 38. Ra1 Bf8 39. g3 Re8 40. Ra2 Rb6 41. Bxg7 Rxe2 42. Qxe2 Bxg7 43. h5 Qd7 44. hxg6+ fxg6 45. Kg2 Qb5 46. Nd2 Qd7 47. Nf1 h5 48. Ne3 Bh6 49. f4 Re6 50. Qf3 h4 51. Nxd5 h3+ 52. Kh2 Qe8 53. Kxh3 Bg7 54. Nc7 Qe7 55. Nxe6 Qxe6+ 56. Kh2 Qb6 57. Qe2 Qb5 58. b4 Bxd4 59. cxd4 Qxb4 60. Rc2 c3 61. Qd3 1-0